LDR 00815naa#a2200169#i#450# 001 RU\\bibl\121644 005 20260630141138.2 011 ## _a2073-0454 100 ## _a20251219b2025####ek#y0rusy0150####ca 102 ## _aRU 200 1# _aФеномен «государственный долг» и его влияние на экономику Российской Федерации _eЖурнальная статья 210 1# _aМосква _cМосковский университет МВД России имени В.Я. Кикотя _d2025 215 ## _a4 с. 608 ## _aЖурнальная статья _2local 675 ## _aЭкономика. Народное хозяйство. Экономические науки. 33 _z 700 #1 _aКорнилов _gАндрей Александрович 856 4# _amosumvd.editorum.ru _u